| 000 | 00650nam a2200241 a 4500 | ||
|---|---|---|---|
| 001 | nice12345678 | ||
| 003 | IN_TiNIC | ||
| 005 | 20260116014145.0 | ||
| 008 | 050524s2002 dela grp 000 0 eng | ||
| 020 |
_a8170999 _c495 |
||
| 082 | 0 | 0 |
_a325.30954 _bRED |
| 100 | _aReddy, K Venugopal | ||
| 245 | _aClass Colonialism and Nationalism, Madras Presidency, 1928-1939 | ||
| 260 |
_aDelhi _bMittal Publication _c2002 |
||
| 300 | _a262p | ||
| 500 | _aincludes index and biblioraphy | ||
| 505 | 2 | _aBibliography, Index | |
| 650 | _aColonialism-India | ||
| 700 | 1 | _aReddy, K Venugopal | |
| 902 | _bSRS | ||
| 942 | _cBK | ||
| 999 |
_c14125 _d14125 |
||